[Event "Schwarzach op 30th"]
[Site "Schwarzach"]
[Date "2015.08.26"]
[Round "6"]
[White "Niedermeier, Thomas"]
[Black "Titov, Evgeny"]
[Result "1-0"]
[WhiteElo "2263"]
[BlackElo "1967"]
[PlyCount "113"]
[EventDate "2015.08.22"]
[EventType "swiss"]
[EventRounds "9"]
[EventCountry "AUT"]
[SourceTitle "EXT 2016"]
[Source "ChessBase"]
[SourceDate "2015.10.08"]
[SourceVersion "1"]
[SourceVersionDate "2015.10.08"]
[SourceQuality "1"]

1. g3 Nf6 2. Bg2 e6 3. Nf3 b6 4. 0-0 Bb7 5. d4 Be7 6. c4 0-0 7. Nc3 Ne4 8. Qc2 Nxc3 9. Qxc3 c5 10. Rd1 d6 11. d5 exd5 12. cxd5 Re8 13. Bf4 Bf6 14. Qc2 Qe7 15. e4 Nd7 16. Re1 g5 17. Be3 Qxe4 18. Qxe4 Rxe4 19. Nd2 Ree8 20. Ne4 Be5 21. f4 gxf4 22. gxf4 Bxb2 23. Rad1 c4 24. Nxd6 c3 25. Nxe8 c2 26. Rc1 Rxe8 27. Rxc2 Rxe3 28. Rxe3 Bd4 29. Rce2 Nf6 30. Kh1 Bxe3 31. Rxe3 Bxd5 32. Bxd5 Nxd5 33. Rg3+ Kf8 34. f5 Ke7 35. Rh3 Nf6 36. Rh6 b5 37. Kg1 b4 38. Kf1 a5 39. Ke1 a4 40. Kd1 Nd5 41. Kc1 Nc3 42. Kb2 Nd1+ 43. Ka1 b3 44. a3 Ne3 45. Ra6 Nxf5 46. Rxa4 Nd6 47. Rh4 f5 48. a4 Ne4 49. a5 Kd6 50. a6 Kc7 51. Rxh7+ Kb8 52. h4 Nd6 53. Rd7 Nc4 54. h5 f4 55. h6 Ne5 56. Rb7+ Ka8 57. Rg7 1-0

[Event "Schwarzach op 30th"]
[Site "Schwarzach"]
[Date "2015.08.25"]
[Round "5"]
[White "Berchtenbreiter, Maximilian"]
[Black "Titov, Evgeny"]
[Result "1/2-1/2"]
[WhiteElo "2396"]
[BlackElo "1967"]
[PlyCount "43"]
[EventDate "2015.08.22"]
[EventType "swiss"]
[EventRounds "9"]
[EventCountry "AUT"]
[SourceTitle "EXT 2016"]
[Source "ChessBase"]
[SourceDate "2015.10.08"]
[SourceVersion "1"]
[SourceVersionDate "2015.10.08"]
[SourceQuality "1"]

1. Nf3 Nf6 2. d4 e6 3. c4 b6 4. Bg5 Bb7 5. a3 h6 6. Bh4 c5 7. e3 Be7 8. Nc3 0-0 9. Bd3 cxd4 10. exd4 d5 11. 0-0 Nc6 12. Re1 dxc4 13. Bxc4 Nd5 14. Bg3 Na5 15. Ba2 Rc8 16. Qd3 Nxc3 17. bxc3 Bd5 18. Bb1 f5 19. Ne5 Qe8 20. Bf4 Nc4 21. Nxc4 Rxc4 22. Qg3 1/2-1/2

[Event "Schwarzach op 30th"]
[Site "Schwarzach"]
[Date "2015.08.23"]
[Round "3"]
[White "Kernazhitsky, Leonid"]
[Black "Titov, Evgeny"]
[Result "1-0"]
[WhiteElo "2267"]
[BlackElo "1967"]
[PlyCount "63"]
[EventDate "2015.08.22"]
[EventType "swiss"]
[EventRounds "9"]
[EventCountry "AUT"]
[SourceTitle "EXT 2016"]
[Source "ChessBase"]
[SourceDate "2015.10.08"]
[SourceVersion "1"]
[SourceVersionDate "2015.10.08"]
[SourceQuality "1"]

1. e4 c6 2. d4 d5 3. Nc3 dxe4 4. Nxe4 Bf5 5. Ng3 Bg6 6. Nf3 Nd7 7. h4 h6 8. h5 Bh7 9. Bd3 Bxd3 10. Qxd3 e6 11. Bd2 Ngf6 12. 0-0-0 Be7 13. Kb1 Qb6 14. c4 Qa6 15. Ne5 0-0 16. Ne4 c5 17. Nxd7 Nxd7 18. Qg3 Kh8 19. dxc5 Qxc4 20. Rhe1 Nxc5 21. Bc3 Rg8 22. Nxc5 Qxc5 23. Qf3 Rgf8 24. Rd7 Rac8 25. Re5 Qb6 26. Rxe7 Rxc3 27. Qxc3 Qxf2 28. R5xe6 Qf5+ 29. Re4 Kh7 30. g4 Qf1+ 31. Re1 Qg2 32. Qc2+ 1-0

[Event "Basel op"]
[Site "Basel"]
[Date "2015.01.03"]
[Round "4"]
[White "Titov, Evgeny"]
[Black "Wirz, Heinz"]
[Result "1-0"]
[WhiteElo "2017"]
[BlackElo "2138"]
[PlyCount "159"]
[EventDate "2015.01.01"]
[EventType "swiss"]
[EventRounds "7"]
[EventCountry "SUI"]
[SourceTitle "CBM 164 Extra"]
[Source "ChessBase"]
[SourceDate "2015.03.02"]
[SourceVersion "1"]
[SourceVersionDate "2015.03.02"]
[SourceQuality "1"]

1. d4 Nf6 2. c4 g6 3. Nc3 Bg7 4. e4 d6 5. Nf3 0-0 6. Be2 e5 7. 0-0 Nc6 8. d5 Ne7 9. Ne1 Ne8 10. Nd3 f5 11. Bd2 fxe4 12. Nxe4 Nf5 13. Bg5 Nf6 14. f3 h6 15. Bxf6 Bxf6 16. Nxf6+ Qxf6 17. Qd2 Kg7 18. Nf2 Nd4 19. Bd3 Bf5 20. Rad1 b6 21. Be4 a5 22. f4 Qh4 23. g3 Qe7 24. Qd3 Rae8 25. Rfe1 Qf6 26. Rf1 Qe7 27. Rde1 Qd7 28. fxe5 dxe5 29. Nd1 Bh3 30. Bg2 Bxg2 31. Kxg2 Nf5 32. Qc3 Qd6 33. Nf2 Nd4 34. Ne4 Qd7 35. Qd3 Rf5 36. Rxf5 gxf5 37. Nd2 c6 38. Nf3 Nxf3 39. Qxf3 cxd5 40. Qxd5 Qxd5+ 41. cxd5 e4 42. Rc1 Rd8 43. Rc6 b5 44. Rc5 Rb8 45. Kf2 Kf6 46. Ke3 Ke5 47. d6+ Kxd6 48. Rxf5 a4 49. Kxe4 Re8+ 50. Kd3 Kc6 51. Rf6+ Kc5 52. Rxh6 Rd8+ 53. Kc2 Rf8 54. Rh5+ Kc4 55. Rh4+ Kc5 56. Rf4 Re8 57. Rf2 Kd4 58. Kd2 b4 59. Rf4+ Kc5 60. h4 Rd8+ 61. Kc2 Re8 62. Rf2 Re3 63. Rf5+ Kd4 64. Rf4+ Kc5 65. Rg4 Re2+ 66. Kc1 Rg2 67. h5 Rg1+ 68. Kd2 Rg2+ 69. Kd3 Rxb2 70. h6 b3 71. h7 Rh2 72. Rh4 b2 73. Rxh2 b1Q+ 74. Rc2+ Kd5 75. h8Q Qd1+ 76. Rd2 Qf3+ 77. Kc2+ Kc4 78. Qc8+ Kb5 79. Qd7+ Kc4 80. Rd4+ 1-0